Costa Rica y la mediación de Contadora /
Rojas A. analiza el proceso de pacificación del Grupo de Contadora y el papel desempeñado por Costa Rica en dicho proceso, sosteniendo que existen en relación a las negociaciones diversos ntereses: por un lado, de autodeterminación de los pueblos centroamericanos y por el otro, los intereses de segu...
Gespeichert in:
| 1. Verfasser: | |
|---|---|
| Format: | Text |
| Schlagworte: | |
| Tags: |
Tag hinzufügen
Keine Tags, Fügen Sie den ersten Tag hinzu!
|
MARC
| LEADER | 00000 a a2200000 04500 | ||
|---|---|---|---|
| 001 | 1617 | ||
| 003 | |||
| 040 | |||
| 100 | |a Rojas Aravena, Francisco | ||
| 245 | |a Costa Rica y la mediación de Contadora / |c Francisco Rojas Aravena | ||
| 520 | |a Rojas A. analiza el proceso de pacificación del Grupo de Contadora y el papel desempeñado por Costa Rica en dicho proceso, sosteniendo que existen en relación a las negociaciones diversos ntereses: por un lado, de autodeterminación de los pueblos centroamericanos y por el otro, los intereses de seguridad de los Estados Unidos. R/mb | ||
| 650 | |a RELACIONES INTERNACIONALES | ||
| 650 | |a GRUPO DE CONTADORA | ||
| 650 | |a INTEGRACION REGIONAL | ||
| 650 | |a AUTODETERMINACION | ||
| 650 | |a PAZ | ||
| 650 | |a IMPERIALISMO | ||
| 650 | |a NEUTRALIDAD | ||
| 650 | |a INTERVENCION EXTRANJERA | ||
| 773 | |g número 28; páginas 26-28 | ||
| 999 | |c 26748 |d 26748 | ||
